| 000 | 01399nam a2200229Ia 4500 | ||
|---|---|---|---|
| 003 | Ost | ||
| 005 | 20260507075258.0 | ||
| 008 | 260507s9999||||xx |||||||||||||| ||und|| | ||
| 040 | _cfsecg | ||
| 041 | _aara | ||
| 082 | _a330 | ||
| 100 |
_aعباس، صلاح _eمؤلف |
||
| 245 | 0 |
_aالعولمة وأثرها في الفكر المالي و النقدي / _c صلاح عباس |
|
| 260 |
_aالاسكندرية: _bمؤسسة شباب الجامعة, _c2007 |
||
| 300 |
_a202 صفحة؛ _bإيضاحات ؛ _c25 سم |
||
| 520 | _aالعولمة و تطور الفكر المصرفي بالتطرق الى أسباب التكامل الاقتصادي بين دول أوروبا مع العولمة و تطور الفكر المالي و النقدي بالتطرق الى طرق غزو الأسواق و كذلك أشكال و تطور الفكر المالي و النقدي بالتطرق الى عقود امتياز التصنيع و التجارة من الباطن ، العولمة و الاتجاه نحو الرقابة المالية الداخلية و أخيرا وجوب مراقبة الاستثمارات الاجنبية البينية . | ||
| 653 | _aالاستثمارات الاجنبية ــ العالم الثالث | ||
| 653 | _aالتكامل الإقتصادي | ||
| 653 | _aالعولمة | ||
| 653 | _aالمالية ــ الرقابة | ||
| 942 | _cكتاب | ||
| 999 |
_c43776 _d43776 |
||